| 000 | 00554nam a2200169 i 4500 | ||
|---|---|---|---|
| 001 | 106874 | ||
| 003 | ES-MaACL | ||
| 005 | 20230906184311.0 | ||
| 007 | t| | ||
| 008 | 061121s1972 sp r ||||1| spa d | ||
| 100 | 1 |
_aMora, Carmen. _982849 |
|
| 245 | 1 | 0 |
_aVida y obra de Don Ignacio de Asso: _biusinternacionalismo, jurisprodencia y otras ideas / _cCarmen Mora. |
| 260 |
_aZaragoza : _b[Heraldo de Aragón], _c1972. |
||
| 300 |
_aXV, 424 p., 60 lám. ; _c25 cm. |
||
| 600 | 1 | 4 |
_aAsso y del Río, Ignacio Jordán de. _923661 |
| 852 |
_aES-MaACL _jC-43464 |
||
| 999 |
_c106874 _d106874 |
||